Individual self, relational self, collective self

Αποθηκεύτηκε σε:
Λεπτομέρειες βιβλιογραφικής εγγραφής
Άλλοι συγγραφείς: Σεντικίδης, Κωνσταντίνος (Επιμελητής έκδοσης), Brewer, Marilynn B. 1942- (Επιμελητής έκδοσης)
Μορφή: Βιβλίο
Γλώσσα:English
Δημοσίευση: Philadelphia : Psychology Press, 2001
Θέματα:
Ετικέτες: Προσθήκη ετικέτας
Δεν υπάρχουν, Καταχωρήστε ετικέτα πρώτοι!

MARC

LEADER 00000nam a2200000 i 4500
001 1/48750
008 070720s2001 eng d
020 |a 0-86377-687-6 (pbk.) 
035 |l 10089001 
040 |a GR-MY-UA  |b gre  |e aacr 
041 0 |a eng 
082 0 |a 155.2  |2 (22) 
245 1 0 |a Individual self, relational self, collective self /  |c edited by Constantine Sedikides, Marilynn B. Brewer 
260 |a Philadelphia :   |b Psychology Press,   |c 2001 
504 |a Περιλαμβάνει βιβλιογραφίες και ευρετήριο 
650 0 0 |a Self. 
650 0 0 |a Self  |x Social aspects. 
700 1 |a Σεντικίδης, Κωνσταντίνος.  |4 edt 
700 1 |a Brewer, Marilynn B.  |c 1942-  |4 edt 
852 |a INST  |b CHIOS  |e 20070720  |h 155.2 IND  |p 005200028928  |q 005200028928  |t BK  |y 0 
901 |a BIBL2-2007-2 
909 |a Χ  |b 135714 
922 |a 2ΕΛΗ  |b 200706  |c ΕΠΕΑΕΑΚ2/ΤΔΕ  |d ΠΑΠΑΣΩΤΗΡΙΟΥ 
970 |a Ατσάλη  |b Δέσποινα  |z 2007/07/20